LEADER 01110nam0-2200313---450- 001 990009675520403321 005 20130131164500.0 035 $a000967552 035 $aFED01000967552 035 $a(Aleph)000967552FED01 035 $a000967552 100 $a20130131f19851986km-y0itay50------ba 101 0 $aita 102 $aIT 105 $aa-------001yy 200 1 $aAtti del Corso di aggiornamento sui fitofarmaci$eVilla Manin, Passariano, Codroipo, 25-26 giugno 1985 210 $a[S. l.$cs. n.$d1985?] 215 $a124 p.$d29 cm 300 $aIn testa al front.: Regione autonoma Friuli-Venezia Giulia, C.R.S.A., Centro regionale per la sperimentazione agraria; in collaborazione con il GRIFA, Gruppo di ricerca italiano fitofarmaci e ambiente 610 0 $aFitofarmaci 676 $a632.95 710 12$aCorso di aggiornamento sui fitofarmaci$f<1985$e; Passariano>$0518865 801 0$aIT$bUNINA$gRICA$2UNIMARC 901 $aBK 912 $a990009675520403321 952 $aPest 18$fDMVTO 959 $aDMVTO 996 $aAtti del Corso di aggiornamento sui fitofarmaci$9839472 997 $aUNINA LEADER 01063nam 2200361 450 001 9910828369803321 005 20230808205459.0 010 $a3-96067-565-8 035 $a(CKB)4340000000017786 035 $a(MiAaPQ)EBC4741541 035 $a(EXLCZ)994340000000017786 100 $a20161212h20162016 uy 0 101 0 $aeng 135 $aurcnu|||||||| 181 $2rdacontent 182 $2rdamedia 183 $2rdacarrier 200 10$aASEAN's energy architecture $ean in-depth analysis and forecast on ASEAN's energy supply and demand balances /$fDr. Tan Kwan Hong 210 1$aHamburg, [Germany] :$cAnchor Academic Publishing,$d2016. 210 4$dİ2016 215 $a1 online resource (46 pages) 311 $a3-96067-065-6 606 $aPower resources$zAsia 615 0$aPower resources 676 $a333.79095 700 $aHong$b Tan Kwan$01605188 801 0$bMiAaPQ 801 1$bMiAaPQ 801 2$bMiAaPQ 906 $aBOOK 912 $a9910828369803321 996 $aASEAN's energy architecture$93930304 997 $aUNINA